[Event "Niederoesterreich Landesliga 1617"]
[Site "Austria"]
[Date "2017.01.29"]
[Round "6.2"]
[White "Bauer, Thomas"]
[Black "Somasundram, Jayakumar"]
[Result "1-0"]
[WhiteElo "2102"]
[BlackElo "1860"]
[PlyCount "79"]
[EventDate "2016.10.02"]
[EventType "team-tourn"]
[EventRounds "11"]
[EventCountry "AUT"]
[SourceTitle "EXT 2018"]
[Source "ChessBase"]
[SourceDate "2017.10.13"]
[SourceVersion "1"]
[SourceVersionDate "2017.10.13"]
[SourceQuality "1"]
[WhiteTeam "Litschau/Eisgarn"]
[BlackTeam "Kottingbrunn"]
[WhiteTeamCountry "AUT"]
[BlackTeamCountry "AUT"]

1. e4 c5 2. Nf3 Nc6 3. d4 cxd4 4. Nxd4 e5 5. Nb5 d6 6. N1c3 a6 7. Na3 Be7 8. g3 Nf6 9. Bg2 Bg4 10. Qd3 b5 11. Nd5 Nxd5 12. exd5 Na5 13. 0-0 Rc8 14. f4 exf4 15. Rxf4 Bd7 16. b4 Nb7 17. Bb2 0-0 18. Be4 h6 19. Raf1 f6 20. Bh7+ Kh8 21. Bg6 Be8 22. Bf5 Bd7 23. Bg6 Be8 24. Rh4 Kg8 25. Bh7+ Kh8 26. Bf5 Bd7 27. Bg6 Be8 28. Rff4 a5 29. Bxe8 Qxe8 30. Nxb5 axb4 31. Nd4 Nc5 32. Qf5 Na4 33. Bc1 Nc3 34. Rf1 Kg8 35. Bxh6 gxh6 36. Rxh6 Qf7 37. Rg6+ Kh8 38. Rh6+ Kg7 39. Rf4 Qxd5 40. Qg6# 1-0

[Event "Vienna-ch op"]
[Site "Vienna"]
[Date "2014.09.13"]
[Round "8"]
[White "Somasundram, Jayakumar"]
[Black "Dragnev, Valentin"]
[Result "0-1"]
[WhiteElo "1896"]
[BlackElo "2151"]
[PlyCount "54"]
[EventDate "2014.09.06"]
[EventType "swiss"]
[EventRounds "9"]
[EventCountry "AUT"]
[SourceTitle "CBM 162 Extra"]
[Source "ChessBase"]
[SourceDate "2014.10.17"]
[SourceVersion "1"]
[SourceVersionDate "2014.10.17"]
[SourceQuality "1"]

1. e4 c5 2. Nf3 e6 3. d4 cxd4 4. Nxd4 Nc6 5. Be3 Qc7 6. Nd2 Nf6 7. Nb5 Qb8 8. f4 a6 9. Nd4 Nxd4 10. Bxd4 Qxf4 11. Bd3 d6 12. Qe2 e5 13. Be3 Qg4 14. Nf3 Nxe4 15. 0-0-0 Nf6 16. h3 Qa4 17. Bc4 Be7 18. Ng5 0-0 19. Rhf1 h6 20. Nxf7 Rxf7 21. Rxf6 Bxf6 22. Rxd6 Bf5 23. g4 Bg6 24. h4 Rd8 25. Rb6 Kh8 26. Bb3 Qe4 27. Bxf7 Qh1+ 0-1

[Event "Vienna-ch op"]
[Site "Vienna"]
[Date "2014.09.06"]
[Round "1"]
[White "Leitner, Gerald"]
[Black "Somasundram, Jayakumar"]
[Result "0-1"]
[WhiteElo "2241"]
[BlackElo "1896"]
[PlyCount "80"]
[EventDate "2014.09.06"]
[EventType "swiss"]
[EventRounds "9"]
[EventCountry "AUT"]
[SourceTitle "CBM 162 Extra"]
[Source "ChessBase"]
[SourceDate "2014.10.17"]
[SourceVersion "1"]
[SourceVersionDate "2014.10.17"]
[SourceQuality "1"]

1. d4 Nf6 2. c4 e6 3. Nc3 c5 4. d5 exd5 5. cxd5 d6 6. e4 g6 7. Bb5+ Nfd7 8. f4 Qh4+ 9. g3 Qe7 10. Nf3 Bg7 11. 0-0 0-0 12. Kg2 a6 13. Bd3 b5 14. a3 Nb6 15. Bd2 Bg4 16. h3 Bxf3+ 17. Qxf3 N8d7 18. Rae1 Rab8 19. Nd1 Rfe8 20. h4 Nc4 21. Bc1 Nf6 22. Re2 h5 23. Nf2 Qd7 24. b3 Nb6 25. Bb1 c4 26. b4 Rbc8 27. Bc2 c3 28. Rd1 Nc4 29. e5 dxe5 30. f5 e4 31. Nxe4 Nxe4 32. Rxe4 Rxe4 33. Bxe4 Ne5 34. Qf1 c2 35. Rd2 Rc4 36. Bxc2 Bh6 37. Re2 Qxd5+ 38. Kh3 Bxc1 39. Qxc1 Qf3 40. Qe1 Rxh4+ 0-1

[Event "Weiz-ch 12th"]
[Site "Weiz"]
[Date "2013.05.31"]
[Round "2"]
[White "Kropik, Martin"]
[Black "Somasundram, Jayakumar"]
[Result "1-0"]
[WhiteElo "2125"]
[BlackElo "1978"]
[PlyCount "71"]
[EventDate "2013.05.30"]
[EventType "swiss"]
[EventRounds "5"]
[EventCountry "AUT"]
[SourceTitle "CBM 154 Extra"]
[Source "ChessBase"]
[SourceDate "2013.06.25"]
[SourceVersion "2"]
[SourceVersionDate "2013.06.25"]
[SourceQuality "1"]

1. d4 Nf6 2. c4 e6 3. Nc3 c5 4. d5 exd5 5. cxd5 d6 6. e4 g6 7. f4 Bg7 8. Nf3 0-0 9. Be2 Re8 10. Nd2 a6 11. a4 Ng4 12. Bxg4 Qh4+ 13. g3 Qxg4 14. Qxg4 Bxg4 15. Kf2 Bd4+ 16. Kg2 f5 17. h3 Bh5 18. Re1 g5 19. Nc4 Bxc3 20. bxc3 Rxe4 21. Rxe4 fxe4 22. Nb6 Ra7 23. a5 Bf7 24. fxg5 Nc6 25. dxc6 bxc6 26. Be3 Bb3 27. Rf1 Re7 28. Rf6 Be6 29. g4 c4 30. Kg3 Re8 31. Kf4 c5 32. Na8 Bf7 33. Nc7 Rc8 34. Nxa6 Rc6 35. Nxc5 Rc7 36. Rxd6 1-0

[Event "Vienna Tschaturanga op"]
[Site "Vienna"]
[Date "2013.05.07"]
[Round "2"]
[White "Somasundram, Jayakumar"]
[Black "Wukits, Rene"]
[Result "1-0"]
[WhiteElo "1978"]
[BlackElo "2292"]
[PlyCount "55"]
[EventDate "2013.05.06"]
[EventType "swiss"]
[EventRounds "7"]
[EventCountry "AUT"]
[SourceTitle "CBM 154 Extra"]
[Source "ChessBase"]
[SourceDate "2013.06.25"]
[SourceVersion "2"]
[SourceVersionDate "2013.06.25"]
[SourceQuality "1"]

1. e4 c5 2. Nf3 e6 3. d4 cxd4 4. Nxd4 a6 5. c4 d6 6. Nc3 b6 7. Bd3 Bb7 8. Qe2 Nd7 9. f4 g6 10. 0-0 Bg7 11. Be3 Ngf6 12. f5 gxf5 13. exf5 e5 14. Bg5 0-0 15. Nb3 b5 16. Rad1 bxc4 17. Bxc4 Nb6 18. Na5 Nxc4 19. Nxb7 Qb6+ 20. Kh1 Qxb7 21. Qxc4 e4 22. Bxf6 Bxf6 23. Rxd6 Rfc8 24. Qe2 Bxc3 25. bxc3 Rd8 26. Rh6 Rd5 27. Qg4+ Kf8 28. f6 1-0

[Event "Vienna Husek op-A"]
[Site "Vienna"]
[Date "2012.08.17"]
[Round "5"]
[White "Somasundram, Jayakumar"]
[Black "Erholsam Holzer, Leo"]
[Result "1-0"]
[WhiteElo "1933"]
[BlackElo "2049"]
[PlyCount "95"]
[EventDate "2012.08.13"]
[EventType "swiss"]
[EventRounds "7"]
[EventCountry "AUT"]
[SourceTitle "EXT 2014"]
[Source "ChessBase"]
[SourceDate "2013.11.20"]
[SourceVersion "1"]
[SourceVersionDate "2013.11.20"]
[SourceQuality "1"]

1. e4 d6 2. d4 Nf6 3. Nc3 Nbd7 4. Bg5 c6 5. Qd2 e5 6. dxe5 dxe5 7. 0-0-0 Bb4 8. f3 Qa5 9. Nge2 0-0 10. Kb1 h6 11. Bh4 Be7 12. Nd5 Bd8 13. Ne7+ Kh7 14. Qxa5 Bxa5 15. g4 Bb4 16. Nxc8 Raxc8 17. g5 hxg5 18. Bxg5 Rcd8 19. Bh3 Nb6 20. Bf5+ Kh8 21. Bxf6 Rxd1+ 22. Rxd1 gxf6 23. b3 Rg8 24. Ng3 Be7 25. c4 Rd8 26. Rxd8+ Bxd8 27. c5 Na8 28. Bc8 b6 29. Bb7 Nc7 30. cxb6 axb6 31. Bxc6 Ne6 32. Nf5 Ng5 33. Nh4 Be7 34. Bd5 Bc5 35. a4 Bf2 36. Nf5 Nxf3 37. Nd6 Kg7 38. Nc4 Nxh2 39. b4 Nf3 40. b5 Bc5 41. a5 bxa5 42. b6 Bxb6 43. Nxb6 Kg6 44. Nc4 Nd4 45. Ne3 f5 46. exf5+ Nxf5 47. Be4 Kg5 48. Nxf5 1-0

[Event "Vienna Tschaturanga op"]
[Site "Vienna"]
[Date "2012.05.08"]
[Round "2"]
[White "Ganaus, Hannes"]
[Black "Somasundram, Jayakumar"]
[Result "1-0"]
[WhiteElo "2302"]
[BlackElo "1944"]
[PlyCount "83"]
[EventDate "2012.05.07"]
[EventType "swiss"]
[EventRounds "7"]
[EventCountry "AUT"]
[SourceTitle "CBM 148 Extra"]
[Source "ChessBase"]
[SourceDate "2012.06.22"]
[SourceVersion "1"]
[SourceVersionDate "2012.06.22"]
[SourceQuality "1"]

1. Nf3 Nf6 2. b3 b6 3. Bb2 Bb7 4. e3 e6 5. Be2 Be7 6. c4 d6 7. Nc3 Nbd7 8. Qc2 Nc5 9. b4 Nce4 10. Nxe4 Bxe4 11. d3 Bb7 12. 0-0 0-0 13. Nd2 e5 14. e4 h6 15. a4 Nh7 16. a5 Ng5 17. axb6 axb6 18. Rxa8 Bxa8 19. f4 exf4 20. Rxf4 d5 21. cxd5 Bxb4 22. Nc4 c6 23. h4 cxd5 24. hxg5 hxg5 25. Rf5 dxc4 26. Qxc4 Bc5+ 27. Kf1 Be7 28. Bh5 Bf6 29. Bxf6 gxf6 30. Qc3 Qe7 31. Qxf6 Qxf6 32. Rxf6 Rb8 33. Rxf7 b5 34. Rf5 Rf8 35. Rxf8+ Kxf8 36. Kf2 Ke7 37. Ke3 Kd6 38. Kd4 Kc6 39. e5 Kc7 40. Bf3 Bxf3 41. gxf3 Kc6 42. Kc3 1-0

[Event "Vienna State-chB"]
[Site "Vienna"]
[Date "2011.09.12"]
[Round "3"]
[White "Eiler, Thomas"]
[Black "Somasundram, Jayakumar"]
[Result "0-1"]
[WhiteElo "1762"]
[BlackElo "1959"]
[PlyCount "68"]
[EventDate "2011.09.10"]
[EventType "swiss"]
[EventRounds "9"]
[EventCountry "AUT"]
[SourceTitle "EXT 2013"]
[Source "ChessBase"]
[SourceDate "2012.11.22"]
[SourceVersion "1"]
[SourceVersionDate "2012.11.22"]
[SourceQuality "1"]

1. d4 Nf6 2. c4 e6 3. Nf3 c5 4. d5 exd5 5. cxd5 d6 6. Nc3 g6 7. e4 Bg7 8. Be2 0-0 9. Bf4 Re8 10. Nd2 a6 11. a4 Qe7 12. f3 Nh5 13. Be3 Bd4 14. Nf1 Bxe3 15. Nxe3 Qh4+ 16. Kd2 Qf6 17. Kc2 Nd7 18. g3 Qd4 19. Nc4 Qf6 20. f4 Ng7 21. h4 Rb8 22. a5 b5 23. axb6 Nxb6 24. Nxb6 Rxb6 25. h5 Rxe4 26. Nxe4 Qxb2+ 27. Kd3 Rb3+ 28. Qxb3 Qxb3+ 29. Kd2 Qb2+ 30. Ke3 Nf5+ 31. Kf2 Qd4+ 32. Kg2 Qxe4+ 33. Bf3 Qc2+ 34. Kh3 Nd4+ 0-1

[Event "Weiz op 10th"]
[Site "Weiz"]
[Date "2011.04.07"]
[Round "1"]
[White "Kasparova, Tatiana"]
[Black "Somasundram, Jayakumar"]
[Result "1-0"]
[WhiteElo "2152"]
[BlackElo "1964"]
[PlyCount "31"]
[EventDate "2011.04.07"]
[EventType "swiss"]
[EventRounds "5"]
[EventCountry "AUT"]
[SourceTitle "CBM 141 Extra"]
[Source "ChessBase"]
[SourceDate "2011.05.03"]
[SourceVersion "1"]
[SourceVersionDate "2011.05.03"]
[SourceQuality "1"]

1. e4 g6 2. d4 Bg7 3. Ne2 e6 4. g3 Ne7 5. Bg2 d6 6. 0-0 Nd7 7. Nbc3 0-0 8. Be3 h6 9. Qd2 Kh7 10. f4 f5 11. Rae1 e5 12. Rd1 exf4 13. Nxf4 Nb6 14. b3 fxe4 15. Bxe4 Bh3 16. Nxh3 1-0

[Event "Niederoesterreich Landesliga 1011"]
[Site "Austria"]
[Date "2011.01.09"]
[Round "8"]
[White "Penker, Harald"]
[Black "Somasundram, Jayakumar"]
[Result "1/2-1/2"]
[WhiteElo "2082"]
[BlackElo "1928"]
[PlyCount "45"]
[EventDate "2010.09.12"]
[EventType "team-tourn"]
[EventRounds "13"]
[EventCountry "AUT"]
[SourceTitle "EXT 2022"]
[Source "ChessBase"]
[SourceDate "2021.10.06"]
[SourceVersion "1"]
[SourceVersionDate "2021.10.06"]
[SourceQuality "1"]

1. e4 e5 2. Nc3 Nc6 3. Nf3 d6 4. d4 Bg4 5. Bb5 exd4 6. Qxd4 Qd7 7. Qa4 Bxf3 8. gxf3 Nge7 9. Nd5 Ng6 10. Nb4 Nge5 11. f4 Nf3+ 12. Kd1 Nfd4 13. Nxc6 Nxc6 14. Bxc6 Qxc6 15. Qxc6+ bxc6 16. Bd2 0-0-0 17. c4 d5 18. cxd5 cxd5 19. e5 Bc5 20. Ke2 Rhe8 21. Rac1 Bb6 22. Kf3 Rd7 23. a4 1/2-1/2

[Event "Voesendorf op-A 11th"]
[Site "Voesendorf"]
[Date "2008.05.23"]
[Round "3"]
[White "Somasundram, Jayakumar"]
[Black "Praxmarer, Christian"]
[Result "0-1"]
[WhiteElo "1944"]
[BlackElo "2057"]
[PlyCount "52"]
[EventDate "2008.05.22"]
[EventType "swiss"]
[EventRounds "5"]
[EventCountry "AUT"]
[SourceTitle "CBM 124 Extra"]
[Source "ChessBase"]
[SourceDate "2008.07.03"]
[SourceVersion "1"]
[SourceVersionDate "2008.07.03"]
[SourceQuality "1"]

1. e4 e6 2. d4 d5 3. e5 Bd7 4. Bd3 c5 5. c3 a6 6. f4 cxd4 7. cxd4 Bb5 8. Nc3 Bb4 9. Nge2 Qh4+ 10. g3 Qh3 11. Bxb5+ axb5 12. Qd3 Ne7 13. Kf2 Bxc3 14. Nxc3 b4 15. Nb5 0-0 16. Nd6 Nbc6 17. Be3 f6 18. exf6 Rxf6 19. Qf1 Qh6 20. Qg2 e5 21. dxe5 Nxe5 22. h3 Nd3+ 23. Ke2 Rxd6 24. Kxd3 Qg6+ 25. Ke2 Re6 26. Kf2 Qc2+ 0-1

[Event "Voesendorf op"]
[Site "Voesendorf"]
[Date "2007.06.10"]
[Round "5"]
[White "Hofbauer, Peter"]
[Black "Somasundram, Jayakumar"]
[Result "0-1"]
[WhiteElo "2044"]
[BlackElo "1969"]
[PlyCount "170"]
[EventDate "2007.06.07"]
[EventType "swiss"]
[EventRounds "5"]
[EventCountry "AUT"]
[SourceTitle "EXT 2008"]
[Source "ChessBase"]
[SourceDate "2007.11.25"]
[SourceVersion "1"]
[SourceVersionDate "2007.11.25"]
[SourceQuality "1"]

1. e4 c5 2. c3 Nf6 3. e5 Nd5 4. d4 Qc7 5. Nf3 cxd4 6. cxd4 e6 7. Bd2 d6 8. Nc3 Nxc3 9. bxc3 Nd7 10. Qa4 Be7 11. Bd3 0-0 12. exd6 Qxd6 13. 0-0 e5 14. Qc2 h6 15. dxe5 Nxe5 16. Nxe5 Qxe5 17. Rfe1 Qc7 18. Bf4 Bd6 19. Bxd6 Qxd6 20. Rad1 Qc7 21. Qb3 Be6 22. Rxe6 fxe6 23. Qxe6+ Qf7 24. Qe4 Rfe8 25. Qh7+ Kf8 26. Bg6 Red8 27. Rb1 Qg8 28. Qxg8+ Kxg8 29. g3 b6 30. Rb4 Rac8 31. c4 Rd4 32. Bc2 Kf8 33. Rb3 Rdxc4 34. Rf3+ Ke7 35. Bb3 Rc1+ 36. Kg2 Rf8 37. Re3+ Kd7 38. Rd3+ Kc6 39. Re3 Kd7 40. Rd3+ Ke7 41. Re3+ Kd8 42. Rd3+ Kc7 43. Re3 Rd8 44. h4 Rd7 45. Ba4 Rf7 46. Bb3 Rd7 47. Ba4 Rd4 48. Re7+ Kb8 49. Bb5 Rc7 50. Re6 Kb7 51. Be2 Rf7 52. Bh5 Rc7 53. Re5 Kc6 54. Re2 Kd6 55. Bg6 b5 56. Bf5 Re7 57. Rb2 Re5 58. Bg6 a5 59. Bf7 Re7 60. Bg6 b4 61. Kf3 a4 62. g4 b3 63. axb3 Rb7 64. Ke3 Rxg4 65. Rd2+ Kc5 66. Rc2+ Kb4 67. Bf5 axb3 68. Rc1 Rc4 69. Rh1 Rc3+ 70. Kd2 Rf7 71. Bd3 Rxf2+ 72. Ke3 Rg2 73. Ke4 Rg4+ 74. Kf5 Rxd3 75. Kxg4 b2 76. Kf5 Kb3 77. Rg1 Kc2 78. Rxg7 b1Q 79. Kg6 Rd6+ 80. Kf5 Qb5+ 81. Kg4 Rd4+ 82. Kh3 Qf5+ 83. Kh2 Qf4+ 84. Rg3 Rd3 85. Kh1 Qxg3 0-1

[Event "Stuttgart-chA int"]
[Site "Ditzingen"]
[Date "2006.05.27"]
[Round "6"]
[White "Schuster, Gerhard"]
[Black "Somasundram, Jayakumar"]
[Result "0-1"]
[WhiteElo "2100"]
[BlackElo "1977"]
[PlyCount "62"]
[EventDate "2006.05.25"]
[EventType "swiss"]
[EventRounds "7"]
[EventCountry "GER"]
[SourceTitle "EXT 2018"]
[Source "ChessBase"]
[SourceDate "2017.10.13"]
[SourceVersion "1"]
[SourceVersionDate "2017.10.13"]
[SourceQuality "1"]

1. e4 c5 2. Nf3 Nc6 3. Bb5 e6 4. 0-0 Qc7 5. c3 a6 6. Ba4 Nf6 7. Re1 b5 8. Bc2 e5 9. a4 Bb7 10. axb5 axb5 11. Rxa8+ Bxa8 12. Na3 Qb8 13. d4 cxd4 14. cxd4 Bb4 15. dxe5 Nxe5 16. Bf4 d6 17. Re3 0-0 18. Ng5 Rd8 19. Bb3 h6 20. h4 Bc5 21. Rg3 hxg5 22. hxg5 Nxe4 23. Bxe5 dxe5 24. Qh5 Bxf2+ 25. Kh2 Bxg3+ 26. Kh1 Nf2+ 27. Kg1 Rd1+ 28. Bxd1 Qb6 29. Kf1 Nxd1 30. Ke2 Qe3+ 31. Kxd1 Qd3+ 0-1